The World arms market will more guns mean more butter?

Αποθηκεύτηκε σε:
Λεπτομέρειες βιβλιογραφικής εγγραφής
Κύριος συγγραφέας: Tullberg, Rita
Συγγραφή απο Οργανισμό/Αρχή: Seminario "Europa y América Latina en el Debate Estratégico Mundial, Buenos Aires, 10-12 noviembre 1986
Μορφή: Κείμενο
Έκδοση: Buenos Aires: EURAL
Ετικέτες: Προσθήκη ετικέτας
Δεν υπάρχουν, Καταχωρήστε ετικέτα πρώτοι!

MARC

LEADER 00000 a a2200000 04500
001 23743
003
040
090 |a 167300  
100 |a Tullberg, Rita  
110 |a Seminario "Europa y América Latina en el Debate Estratégico Mundial, Buenos Aires, 10-12 noviembre 1986  
245 |a The World arms market will more guns mean more butter?  
260 |a Buenos Aires:   |b EURAL  
300 |a 28 p.   |b **no definido**   |b fonodiscos  
999 |c 16417  |d 16417